[Event "Reggio Emilia-A 9192 34th"]
[Site "Reggio Emilia"]
[Date "1992.??.??"]
[Round "2"]
[White "Kasparov, Garry"]
[Black "Anand, Viswanathan"]
[Result "0-1"]
[WhiteElo "2770"]
[BlackElo "2650"]
[Annotator "Knaak,R"]
[PlyCount "98"]
[EventDate "1991.12.??"]
[EventType "tourn"]
[EventRounds "9"]
[EventCountry "ITA"]
[EventCategory "18"]
[SourceTitle "CBM 027"]
[Source "ChessBase"]
[SourceDate "1992.04.01"]
[SourceVersion "1"]
[SourceVersionDate "1992.04.01"]
[SourceQuality "1"]

1. e4 {Ernst} e6 2. d4 d5 3. Nd2 c5 4. exd5 Qxd5 5. dxc5 {>= 5.Ngf3} Bxc5 6.
Ngf3 Nf6 7. Bd3 O-O 8. Qe2 Nbd7 9. Ne4 b6 $1 10. Nxc5 Qxc5 $1 11. Be3 $6 (11.
O-O) 11... Qc7 12. Bd4 Bb7 13. O-O-O Nc5 $1 14. Be5 (14. Bxf6 Nxd3+ 15. Rxd3
Qf4+ 16. Kb1 Qxf6 {=/=/+}) 14... Nxd3+ 15. Rxd3 $6 (15. Qxd3 Qc6 (15... Qc5 $2
16. Bd6 $18) 16. Bxf6 gxf6 17. Nd4 $13) 15... Qc4 $1 16. Nd4 $6 (16. Kb1 $6 Be4
17. Re3 Qxe2 18. Rxe2 Bxf3 19. gxf3 Nd5 $17) (16. Bxf6 Qf4+ 17. Kb1 Qxf6 {=/=/+
}) 16... Be4 (16... Qxa2 $5 {Ernst} 17. Bxf6 gxf6 $13 {17.-Da1+? 18.Kd2 Dxh1
19.Tg3 g6 20.Dh5 +-.}) 17. Re3 Qxa2 $1 (17... Qxe2 $6 18. Rxe2 Bxg2 $2 19. Rg1
$18) 18. Bxf6 (18. Rxe4 {Ernst} Nxe4 19. Qxe4 Qa1+ 20. Kd2 Qxh1 21. Qg4 f6 22.
Nxe6 Rf7 23. Bxf6 Re8 $1 $19) 18... Bg6 $1 (18... Qa1+ $6 19. Kd2 Qxh1 20. Rxe4
gxf6 21. Qg4+ Kh8 22. Qh4 $40) 19. Ra3 Qd5 20. h4 (20. Be5 f6 21. Bd6 $5 (21.
Bg3 {Ernst} Qxd4 22. Qxe6+ $10) 21... Rfc8 $1 (21... Qxd6 22. Qxe6+ Qxe6 23.
Nxe6 $10) (21... Rfe8 $2 22. Nb5 a6 23. Nc7 $16) 22. Qxe6+ (22. c3 Qxd4 23.
Qxe6+ Bf7 24. Qe7 Qxf2 $19) 22... Qxe6 23. Nxe6 Rxc2+ 24. Kd1 Rc6 $17) 20...
gxf6 21. h5 Qxd4 22. hxg6 hxg6 $17 23. Rah3 f5 24. Rh4 f4 $1 (24... Qf6 25. Qe3
Rfd8 26. Qh3 Kf8 27. Rh8+ Ke7 28. Qa3+ Kd7 29. Rd1+ Kc6 30. Qa4+ $18 Kc7 (30...
Kb7 $2 31. Rd7+ Rxd7 32. Qxd7+ Ka6 33. Rxa8 $18) 31. Rdxd8 $1 (31. Rd7+ Rxd7
32. Rxa8 Kd6 $13) 31... Rxd8 32. Qxa7+ Kc6 33. Rh3 $40) 25. Qf3 Rac8 26. Rxf4 (
26. Qh3 Qxf2 $1 27. Rh8+ Kg7 28. Rh7+ (28. Qh6+ {Ernst} Kf6 $19) 28... Kf6 29.
c3 Qe3+ $19) 26... Qc5 27. c3 Kg7 28. Rhh4 Qe5 29. g3 Qe1+ 30. Kc2 Rcd8 31. Rd4
Qe5 32. Rhf4 Qc7 33. Qe3 e5 $1 $19 34. Rxd8 Rxd8 35. Re4 Rd5 36. g4 b5 37. g5
Qd6 38. f3 a5 39. Qe2 Qe6 40. Qh2 Qf5 41. Qg3 Qd7 42. Qe1 b4 43. cxb4 (43. Rxe5
{Ernst} Qa4+ 44. Kc1 bxc3 $1 45. bxc3 {45.Txd5? Da1+ und gewinnt die Dame.}
Qf4+ 46. Re3 Rd3 $19) 43... Qa4+ 44. b3 (44. Kc1 {Ernst} axb4 45. Rxe5 Rd6 $19)
(44. Kc3 {Ernst} Qc6+ 45. Rc4 axb4+ 46. Kxb4 Rb5+ 47. Kc3 Qxf3+ 48. Kc2 Qb3+
$19) 44... Qa2+ 45. Kc3 (45. Kc1 {Ernst} axb4 46. Qxb4 Qa1+ 47. Kc2 Qd1+ $19)
45... a4 $1 46. bxa4 Qa3+ 47. Kc2 Qxa4+ 48. Kc3 Qa3+ 49. Kc2 Rd3 0-1

[Event "Groningen PCA"]
[Site "Groningen"]
[Date "1993.??.??"]
[Round "10"]
[White "Adams, Michael"]
[Black "Gulko, Boris F"]
[Result "1-0"]
[WhiteElo "2630"]
[BlackElo "2635"]
[Annotator "Knaak,R"]
[PlyCount "111"]
[EventDate "1993.12.??"]
[EventType "swiss"]
[EventRounds "11"]
[EventCountry "NED"]
[SourceTitle "CBM 039"]
[Source "ChessBase"]
[SourceDate "1994.04.01"]
[SourceVersion "1"]
[SourceVersionDate "1994.04.01"]
[SourceQuality "1"]

1. e4 e6 2. d4 d5 3. Nd2 c5 4. Ngf3 cxd4 5. exd5 Qxd5 6. Bc4 Qd6 7. O-O Nf6 8.
Nb3 Nc6 9. Nbxd4 Nxd4 10. Nxd4 a6 11. c3 Qc7 12. Bb3 Bd6 13. h3 O-O 14. Re1 b5
15. Bg5 Bb7 16. Bc2 Nd5 17. Qh5 $146 (17. Qg4 Rfe8 18. Qh4 g6 19. Be4 f5 20.
Bc2 e5 21. Ne2 Nb6 22. Rad1 Nc4 23. Bb3 Qc6 24. f3 Re6 $15 {Akopian,V-Levitt,J/
Groningen op/1990/}) 17... g6 18. Qh4 Bh2+ 19. Kh1 Bf4 20. Be4 Rab8 21. Rad1
Bxg5 22. Qxg5 Nb6 $6 (22... Rfd8 $13) (22... Rfe8 $13) 23. Bxb7 Qxb7 24. Nf3 $1
Nd5 25. Qh6 Rfd8 26. Rd4 $1 (26. Ng5 Nf6 $10) 26... Qe7 27. Rh4 Nf6 $6 (27...
f6 28. Nd4 Rb6 29. Rxe6 $5 (29. Rhe4 $14) 29... Rxe6 30. Nxe6 Qxe6 31. Qxh7+
Kf8 32. Qxg6 Qg8 33. Qf5 $14) 28. Ne5 {+/-/+-} Rd6 (28... Nh5 29. Rxh5 $1 gxh5
30. Nc6 Qc5 (30... Qh4 31. Re5 $18) 31. Re5 $1 Rd1+ (31... Qxc6 32. Rg5+ Kh8
33. Qf6#) 32. Kh2 Qd6 33. f4 $18) 29. Ng4 Rbd8 30. Nxf6+ Qxf6 31. Qxh7+ Kf8 32.
Qh6+ Kg8 33. Rf4 Qg7 34. Qg5 Rd2 35. Qe7 $5 Qf8 (35... R2d7 36. Qb4 Rd2 {+/-/+-
}) 36. Rxe6 $1 fxe6 $6 (36... Qxe7 37. Rxe7 Rf8 $16) 37. Qxe6+ $18 Kg7 38. Qe5+
Kg8 39. Rxf8+ Rxf8 40. Qg5 Rfxf2 41. Qxg6+ Kh8 42. Qh6+ Kg8 43. Qxa6 Rxb2 44.
a3 Kh7 45. Qc6 Rfc2 46. h4 Rc1+ 47. Kh2 Rbc2 48. Qxb5 Rxc3 49. a4 Rc4 50. Qh5+
Kg7 51. Qg5+ Kh7 52. a5 Rc7 53. a6 R1c6 54. Qe3 Rc4 55. Qd3+ Kg7 56. Qg3+ 1-0

[Event "Novosibirsk"]
[Site "Novosibirsk"]
[Date "1995.??.??"]
[Round "5"]
[White "Rublevsky, Sergei"]
[Black "Beliavsky, Alexander G"]
[Result "0-1"]
[WhiteElo "2595"]
[BlackElo "2650"]
[Annotator "Knaak,R"]
[PlyCount "40"]
[EventDate "1995.10.??"]
[EventType "tourn"]
[EventRounds "11"]
[EventCountry "RUS"]
[EventCategory "15"]
[SourceTitle "CBM 050"]
[Source "ChessBase"]
[SourceDate "1996.02.01"]
[SourceVersion "1"]
[SourceVersionDate "1996.02.01"]
[SourceQuality "1"]

1. e4 {Anand Kasparov} e6 2. d4 d5 3. Nd2 c5 4. exd5 Qxd5 5. dxc5 Bxc5 6. Ngf3
Nf6 7. Bd3 O-O 8. Qe2 Nbd7 $1 {Das Ergebnis von 3 Siegen aus 3 Partien sieht
man diesem Zug nicht an!} (8... Nc6 9. Ne4 Be7 10. O-O $14 {Anand}) 9. b3 (9.
Ne4 b6 $1 10. Nxc5 Qxc5 11. Be3 (11. O-O) 11... Qc7 12. Bd4 Bb7 13. O-O-O (13.
O-O $2 Ng4 14. Bxh7+ Kh8 $1 {Anand}) 13... Nc5 $1 14. Be5 (14. Bxf6 Nxd3+ 15.
Rxd3 Qf4+ 16. Kb1 Qxf6 {=/=/+}) 14... Nxd3+ 15. Rxd3 Qc4 16. Nd4 Be4 $1 17. Re3
Qxa2 $1 18. Bxf6 Bg6 $1 19. Ra3 Qd5 20. h4 gxf6 21. h5 Qxd4 22. hxg6 hxg6 23.
Rah3 f5 24. Rh4 f4 25. Qf3 $2 (25. g3 $1 {Kasparov,G}) 25... Rac8 26. Rxf4 Qc5
27. c3 Kg7 $15 {0-1 Kasparov,G-Anand,V/Reggio Emilia 1991 (49)}) 9... a5 (9...
Bb4 10. Bb2 Qc5 11. c4 Ba3 12. Bd4 Qc7 13. O-O b6 14. Ne4 Bb7 15. Nfg5 Nxe4 16.
Bxe4 h6 $10 17. Qh5 $2 e5 $19 18. Bc3 Nf6 19. Qe2 hxg5 20. Bxe5 Qe7 {0-1
Svidler,P-Lamoureux,C/Groningen op (04) ;EXP 38 1993}) 10. Bb2 b6 11. O-O-O {
Das ist wohl doch zu optimistisch, immerhin hat Schwarz schon einen P auf a5.}
Bb7 12. Rhe1 a4 $15 13. Ne4 Qh5 14. Nfg5 Qh6 15. Kb1 axb3 16. axb3 (16. cxb3 $5
) 16... Ba3 17. Nxf6+ (17. Ba1 Bb4 $17) 17... Nxf6 18. Bxf6 $2 (18. Bxa3 $2
Rxa3 19. Nxe6 Rfa8 $1 $19) (18. f4 Bxb2 19. Kxb2 Ra5 $15) 18... Qxf6 $19 19.
Bxh7+ Kh8 20. Qh5 {Soweit nicht schlecht, droht immerhin matt in 2!} Qb2# 0-1

[Event "New York op"]
[Site "New York"]
[Date "1991.??.??"]
[Round "7"]
[White "Sherzer, Alex"]
[Black "Remlinger, Larry"]
[Result "0-1"]
[WhiteElo "2435"]
[BlackElo "2365"]
[Annotator "Knaak,R"]
[PlyCount "112"]
[EventDate "1991.03.??"]
[EventType "swiss"]
[EventRounds "9"]
[EventCountry "USA"]
[SourceTitle "CBM 023"]
[Source "ChessBase"]
[SourceDate "1991.08.01"]
[SourceVersion "1"]
[SourceVersionDate "1991.08.01"]
[SourceQuality "1"]

1. e4 e6 2. d4 d5 3. Nd2 c5 4. Ngf3 cxd4 5. Nxd4 {, um die Variante 5.ed5 Qd5
zu vermeiden.} Nf6 (5... Nc6 {Wird häufiger gespielt, muß aber nicht besser
sein.} 6. Bb5 Bd7) (5... Qb6 $5 {Wurde nur einmal gespielt.} 6. c3 Nc6 7. Bb5
Bd6 $5 8. O-O (8. Qg4 $5) 8... Nge7 9. exd5 exd5 10. N2f3 O-O 11. Be3 $6 Nxd4
$1 12. Nxd4 a6 13. Nf5 Bxh2+ 14. Kxh2 Qc7+ 15. Ng3 axb5 $17 {Sprenkle-Henley/
New York/1984/YB1}) 6. exd5 (6. e5 Nfd7 7. Bb5 (7. f4 $4 Nxe5)) 6... Nxd5 7.
N2f3 Be7 8. Bd3 (8. Bc4 O-O 9. O-O Nc6 10. c3 Bf6 11. Re1 Nce7 12. Bg5 Qc7 13.
Bd3 Bd7 14. Qc2 Ng6 15. Bxf6 gxf6 $13 {Eingorn-Nogueiras/Havana/1986/YB5}) 8...
Nd7 {N} (8... O-O 9. O-O Bf6 10. c4 Nb4 11. Be4 Qe7 12. Qe2 N8c6 13. Be3 Bd7
14. Rfd1 Nxd4 {Torre-Kortschnoj/Nice ol/1974/0,5-0,5}) 9. c4 N5f6 10. O-O a6
11. Qe2 Qc7 12. b3 b6 13. Bb2 Bb7 14. Bc2 O-O-O $5 {Kaum zu glauben, daß das
gut ist, aber die Bb2 und Bc2 zielen zum anderen Flügel.} 15. a3 Bd6 16. b4 g5
17. c5 bxc5 18. bxc5 Nxc5 19. Rfc1 g4 20. Ng5 Rhg8 21. Nb5 axb5 22. Bxf6 Bxh2+
23. Kf1 Bf4 24. Be4 Ba6 25. Qc2 Bxg5 26. Bxd8 Rxd8 27. Rd1 Rxd1+ 28. Rxd1 b4+
29. Kg1 b3 30. Qb1 Kb8 31. Bc2 g3 32. Bxb3 gxf2+ 33. Kxf2 Qf4+ 34. Kg1 Qe3+ 35.
Kh1 Qxb3 36. Qa1 Bf6 37. Qc1 Nd3 38. Qb1 Qxb1 39. Rxb1+ Bb2 40. a4 Kc7 41. g4
h6 42. a5 Kc6 43. Rf1 f6 44. Rf3 Kd6 45. Kh2 Ke7 46. Rh3 Bc1 47. Kg3 Kf7 48.
Kf3 Bb7+ 49. Kg3 Kg6 50. Kh4 Bg5+ 51. Kg3 e5 52. Kh2 e4 53. Kg1 e3 54. Rh2 Ba6
55. Rc2 Ne5 56. Rb2 e2 0-1

[Event "Capablanca Memorial-A"]
[Site "Matanzas"]
[Date "1994.??.??"]
[Round "4"]
[White "Zapata, Alonso"]
[Black "Lima, Darcy Gustavo Macha"]
[Result "1-0"]
[WhiteElo "2565"]
[BlackElo "2500"]
[Annotator "Knaak,R"]
[PlyCount "59"]
[EventDate "1994.??.??"]
[EventType "tourn"]
[EventRounds "11"]
[EventCountry "CUB"]
[EventCategory "10"]
[SourceTitle "CBM 043"]
[Source "ChessBase"]
[SourceDate "1994.12.01"]
[SourceVersion "1"]
[SourceVersionDate "1994.12.01"]
[SourceQuality "1"]

1. e4 e6 2. d4 d5 3. Nd2 c5 4. Ngf3 cxd4 5. exd5 Qxd5 6. Bc4 Qd6 7. O-O Nf6 8.
Nb3 Nc6 9. Qe2 {Eine Spezialität von Zapata Zapata's special variation} Be7 10.
Bg5 O-O (10... e5 11. Bb5 O-O 12. Rfe1 e4 13. Bxc6 bxc6 14. Bxf6 (14. Nfxd4 $4
Ng4 $19) 14... Bxf6 15. Qxe4 Be6 16. Nfxd4 Bd5 17. Qd3 Rad8 {+/=/~/=}) 11. Rfe1
a6 12. Rad1 b5 13. Bd3 Bb7 14. c3 $1 Nd5 (14... Rfe8 15. Bb1 Qc7 16. Nbxd4 Nxd4
17. Nxd4 Rad8 18. Qd3 g6 19. Qh3 Nh5 20. Bh6 Bf6 21. Qg4 e5 $13 {Zapata,
A-Dolmatov,S/Tilburg 20'/1993/0.5-0.5 (52)}) 15. cxd4 Nf4 16. Bxf4 Qxf4 17. Be4
$14 Rad8 (17... Qc7 18. Bxc6 Bxc6 19. d5 Bxd5 (19... Bd7 $2 20. d6 Bxd6 21. Qd2
$18) 20. Rxd5 exd5 21. Qxe7 Qxe7 22. Rxe7 Rfe8 $13) 18. Nc5 $1 Nxd4 (18... Bxc5
19. dxc5 $16) 19. Rxd4 Rxd4 20. Nxb7 $16 Rd7 21. g3 Qc7 22. Ne5 Rd4 23. Nc6 Rc4
24. Nba5 Rc5 25. Qe3 Rh5 26. Nxe7+ Qxe7 27. Nc6 Qf6 28. b4 g6 29. Bf3 Rf5 30.
Nd4 1-0

[Event "Linares 13th"]
[Site "Linares"]
[Date "1995.03.07"]
[Round "6"]
[White "Akopian, Vladimir Eduardovic"]
[Black "Dreev, Alexey"]
[Result "0-1"]
[WhiteElo "2655"]
[BlackElo "2650"]
[Annotator "Knaak,R"]
[PlyCount "110"]
[EventDate "1995.03.01"]
[EventType "tourn"]
[EventRounds "13"]
[EventCountry "ESP"]
[EventCategory "17"]
[SourceTitle "CBM 046"]
[Source "ChessBase"]
[SourceDate "1995.06.01"]
[SourceVersion "1"]
[SourceVersionDate "1995.06.01"]
[SourceQuality "1"]

1. e4 {Ftacnik} e6 2. d4 d5 3. Nd2 c5 4. exd5 Qxd5 5. Ngf3 cxd4 6. Bc4 Qd6 7.
O-O a6 $5 {Die ersten Versuche mit diesem neuen Zug sind ermutigend. Schwarz
will schnell Qc7 spielen, ohne danach Bb5+ oder Nb5 fürchten zu müssen. Weiß
muß sich dann viel zeitiger entscheiden, wo der B hin soll.} 8. Nb3 Qc7 (8...
Nc6 {Ftacnik} 9. Nbxd4 Nxd4 10. Nxd4 Nf6) 9. Qxd4 $6 (9. Qe2 Bd6 10. Nbxd4 Ne7
11. Rd1 $1 Nbc6 {einziger Zug laut Dreev} (11... O-O $2 12. Bxe6 $1 {Dreev}) (
11... e5 $6 12. Nb3 $1 (12. Bxf7+ $5 Kxf7 13. Ng5+ Ke8 (13... Kg8 $2 14. Qf3
Qc4 15. Nde6 Bxe6 16. Rxd6 $18) 14. Nde6 Bxe6 15. Nxe6 Qc6 16. Nxg7+ Kf7 17.
Qh5+ Ng6 (17... Kxg7 18. Qh6+ $18) 18. Nf5 $13) 12... f6 (12... O-O $6 13. Qd3
$16) (12... b5 $6 13. Bd3 f5 14. Qd2 $1 $16) 13. Nbd2 $14) 12. Bg5 $6 (12. Nxc6
{Dreev} Nxc6 13. c3 $13) 12... Nxd4 13. Nxd4 (13. Rxd4 Nf5 {Dreev}) 13... O-O (
13... Bxh2+ {Dreev erwähnt diesen Zug nicht einmal. Der weitere Rückstand in
der Entwicklung wiegt eben schwerer als ein relativ unwichtiger Bauer. Eine
direkte Widerlegung gibt es jedoch nicht.} 14. Kh1 Bd6 15. Nf3 $44 {/\ Rd2,
Rad1}) 14. Bxe6 $2 (14. h3 $10 {Dreev}) 14... fxe6 15. Nxe6 Bxh2+ 16. Kh1 Qe5
$1 17. Qxe5 Bxe5 18. Nxf8 Kxf8 19. Rd8+ Kf7 20. Bxe7 Kxe7 21. Rh8 Rb8 $19 {
0-1 Zapata,A-Dreev,A/Wijk (C2.1) ;CBM 45 1995 (31)}) 9... Nc6 10. Qh4 {>< Qh4}
Bd6 (10... Be7 11. Bg5 $1 (11. Bf4 e5) (11. Qg3 Qxg3 12. hxg3 Nf6 {/\ Ng4, e5,
f6=/+}) (11. Qg4 Kf8 $13) 11... Nf6 $13) 11. Bd2 Nge7 12. Bd3 Bd7 13. Rad1 $1 (
13. Bc3 e5 $8 14. Ng5 Nf5 $1 15. Bxf5 (15. Qc4 O-O $15) (15. Qh5 g6 $15) 15...
Bxf5 16. f4 Bxc2 17. Nxf7 $2 (17. fxe5 Be7 18. Qf4 (18. e6 f6 19. Nf7 O-O {
/\ Bg6xf7-/+}) 18... O-O $15) 17... Qxf7 18. fxe5 Be7 $1 19. Rxf7 Bxh4 20. Rxg7
O-O-O $19 {Pirrot,D-Knaak,R/BL 9495 (15) 1995/0-1 (37)}) (13. c4 Ne5) 13...
O-O-O (13... h6 $5 14. Rfe1 (14. c4 $6 Ne5 15. Nxe5 Bxe5 $15) 14... O-O-O 15.
c4 $13) (13... f5 {Ftacnik} 14. Qh5+ g6 15. Qh6 O-O-O) 14. Ng5 Ng6 15. Qh3 Nge5
(15... Rdf8 16. Nxf7 $1 Rxf7 17. Bxg6 Bxh2+ 18. Kh1 Rff8 19. Be4 $16) (15... e5
16. Qh5 Be8 17. Qe2 $14) 16. Be2 (16. Bxh7 {Ftacnik} Be8) 16... Be7 17. Bf4
Rhf8 18. Ne4 $14 (18. Nxh7 $2 Rh8 $19) (18. Qxh7 $2 Rh8 19. Qe4 (19. Qxg7 Rdg8
$19) 19... Bxg5 20. Bxg5 Nf3+ $19) 18... h6 19. Nec5 Rh8 (19... g5) 20. Qc3 Bf6
(20... g5 {Ftacnik} 21. Bg3 Bd6) 21. Ne4 Be7 22. Nbc5 $6 g5 $1 23. Bg3 (23.
Bxa6 $1 {Ftacnik} bxa6 (23... Bxc5 24. Nxc5 bxa6 25. Nxa6 Nf3+ 26. Qxf3 Qxf4
27. Qb3 Qe5 $13) 24. Nxa6 Qb6 (24... gxf4 25. Nxc7 Kxc7 26. a3 $16) 25. Bxe5
$18) 23... f5 24. Bxa6 (24. Nxd7 Rxd7 25. Rxd7 Kxd7 26. Rd1+ Kc8 27. Bxe5 (27.
Qb3 f4 $1 28. Qxe6+ Kb8 29. Bxf4 gxf4 $17) 27... Nxe5 28. Qxc7+ Kxc7 $15 (28...
Kxc7 {Ftacnik} 29. Nd2 $10)) 24... bxa6 25. Nxa6 (25. Rxd7 Rxd7 26. Nxe6 Bb4
$19) 25... Qa5 26. Rxd7 (26. Qxa5 Nxa5 27. Bxe5 fxe4 28. Bxh8 Rxh8 $13) (26.
Bxe5 Qxe5 27. Rxd7 Kxd7 (27... Qxc3 $4 28. Rc7#) 28. Rd1+ Ke8 29. Qxc6+ Kf7 $19
) 26... Rxd7 (26... Qxc3 $4 {Ftacnik} 27. Rc7#) 27. Bxe5 (27. Qxa5 Nxa5 28.
Bxe5 Rhd8 $17) 27... Qxc3 (27... Qxe5 {Ftacnik} 28. Qxc6+ Kd8) 28. Bxc3 fxe4
29. Bxh8 Kb7 30. Re1 Kxa6 $17 31. Bc3 Bb4 32. Bxb4 (32. g3 {Ftacnik} Bxc3 33.
bxc3 Rd2 34. Rxe4 e5) 32... Nxb4 33. g3 Nxc2 34. Rxe4 Nd4 35. Kg2 (35. f4 {
Ftacnik} g4 $19) 35... h5 36. h3 Kb5 37. Re5+ Rd5 38. Re3 (38. Rxd5+ {Ftacnik}
exd5 39. f4 g4 40. hxg4 hxg4 41. Kf2 Nf5) 38... e5 39. Rc3 (39. g4 {Ftacnik}
hxg4 40. hxg4 Ne6 $19) 39... g4 40. hxg4 hxg4 $19 41. Rc8 Nf3 42. Rg8 Rd4 43.
b3 Kb4 44. a4 Re4 45. Rg7 Ne1+ 46. Kf1 Nd3 47. Rg6 Re1+ 48. Kg2 Re2 49. Rxg4+
e4 50. Kg1 Nxf2 51. Kf1 (51. Rg8 {Ftacnik} e3 $19) 51... Ra2 (51... Nxg4 {
Ftacnik} 52. Kxe2 $13) 52. Rf4 Kc3 $1 53. a5 (53. Rxf2 Rxf2+ 54. Kxf2 Kd2 $19)
53... e3 54. b4 (54. Rf3 {Ftacnik} Kd3) 54... Nd3 55. Re4 (55. Rf3 {Ftacnik}
e2+) 55... Kd2 0-1

[Event "Lyon zt"]
[Site "Lyon"]
[Date "1990.??.??"]
[Round "11"]
[White "Kuijf, Marinus"]
[Black "Lautier, Joel"]
[Result "0-1"]
[WhiteElo "2490"]
[BlackElo "2500"]
[Annotator "Knaak,R"]
[PlyCount "90"]
[EventDate "1990.04.??"]
[EventType "tourn"]
[EventRounds "13"]
[EventCountry "FRA"]
[EventCategory "8"]
[SourceTitle "CBM 018"]
[Source "ChessBase"]
[SourceDate "1990.10.01"]
[SourceVersion "1"]
[SourceVersionDate "1990.10.01"]
[SourceQuality "1"]

1. e4 e6 2. d4 d5 3. Nd2 c5 4. Ngf3 cxd4 5. Nxd4 Nc6 6. Bb5 Bd7 7. Nxc6 Bxc6 8.
Bxc6+ bxc6 9. c4 dxe4 (9... Nf6 10. Qa4 Qd7 11. e5 Ng8 12. O-O {Todorovic,
MG-Miljanic,B/Jug-ch/1990/1-0}) 10. Qa4 Qb6 11. Nxe4 Qb4+ (11... Bb4+ 12. Ke2
Be7 13. b3 Nf6 14. Nxf6+ Bxf6 15. Be3 Qc7 16. Rad1 $14 {Kholmov,R-Gavrilov,A/
Moskva-ch/1988/1-0}) 12. Qxb4 Bxb4+ 13. Ke2 Nf6 14. Nxf6+ gxf6 15. Be3 $14 Rg8
16. Kf3 f5 17. h3 h5 18. Rad1 Ke7 19. a3 Bd6 20. Rd2 Rgd8 21. Rhd1 Bc7 22. Rxd8
Bxd8 23. Rd3 Rb8 24. b4 a5 25. Rb3 axb4 26. axb4 Bb6 27. Bxb6 Rxb6 $10 28. Ke3
e5 29. Kd3 Ke6 30. f4 $6 f6 31. Kc3 Rb8 32. b5 $2 {>< d5} cxb5 33. cxb5 Kd5 34.
Kb4 e4 35. Rc3 Kd4 36. Rc6 e3 37. Rd6+ Ke4 38. Re6+ Kd3 39. Rd6+ Kc2 40. Rc6+
Kd2 41. Rd6+ Ke1 42. Rxf6 e2 43. Rxf5 Re8 44. Rc5 Kd2 45. Rd5+ Kc2 0-1

[Event "Moscow Alekhine op"]
[Site "Moscow"]
[Date "1992.??.??"]
[Round "?"]
[White "Ye, Rongguang"]
[Black "Dolmatov, Sergey"]
[Result "0-1"]
[WhiteElo "2540"]
[BlackElo "2610"]
[Annotator "Knaak,R"]
[PlyCount "44"]
[EventDate "1992.10.??"]
[EventType "swiss"]
[EventRounds "9"]
[EventCountry "RUS"]
[SourceTitle "CBM 033"]
[Source "ChessBase"]
[SourceDate "1993.04.01"]
[SourceVersion "1"]
[SourceVersionDate "1993.04.01"]
[SourceQuality "1"]

1. e4 e6 2. d4 d5 3. Nd2 c5 4. exd5 Qxd5 5. Ngf3 cxd4 6. Bc4 Qd6 7. O-O Nf6 8.
Nb3 Nc6 9. Nbxd4 Nxd4 10. Nxd4 a6 11. Bb3 Qc7 12. Re1 Bd6 13. Nf5 Bxh2+ 14. Kh1
O-O $1 15. Nxg7 Rd8 $1 $146 16. Qf3 $6 (16. Qe2 $1 Kxg7 17. g3 Bxg3 (17... b5
18. Kxh2 Bb7 19. Bg5 Qc6 20. Rg1 $16) 18. fxg3 b5 19. Bf4 Bb7+ 20. Kh2 Qc5 21.
Be5 $1 Kg6 $8 {/\ 22...Qxe5 23.Qxe5 Ng4+} 22. Bxf6 Kxf6 23. Rf1+ (23. Bxe6 fxe6
24. Qxe6+ Kg7 25. Qe7+ Qxe7 26. Rxe7+ Kg6 27. Rxb7 Rac8 $10) 23... Kg6 (23...
Kg7 $2 24. Rxf7+ Kxf7 25. Qxe6+ Kg7 26. Qf7+ Kh6 27. Qf6+ Kh5 28. Bf7+ Kg4 29.
Qf4#) 24. Bxe6 $1 (24. Rxf7 Rd2 $1 25. Qxd2 Qh5+ 26. Kg1 Qh1+ 27. Kf2 Qg2+ 28.
Ke1 Qxd2+ 29. Kxd2 Kxf7 $10) 24... Qh5+ $8 (24... fxe6 $2 25. Qxe6+ Kg7 26.
Rf7+ $18) 25. Qxh5+ Kxh5 26. Bxf7+ Kg5 27. Rad1 $14 {Adams-Dreev/Debrecen/1992}
) 16... Kxg7 17. g3 b5 18. Bf4 $6 (18. Kxh2 Bb7 19. Qf4 Qc6 20. Rg1 Rd1 $1 21.
Be3 Rxa1 22. Qg5+ Kf8 23. Qc5+ Ke8 24. Qxc6+ Bxc6 25. Rxa1 Ng4+ 26. Kh3 Nxe3
27. fxe3 Rd8 28. a4 Rd2 (28... b4 29. Bc4 a5 30. Bb5 Rc8 $17 {Wolff-Gulko/
USA-ch/1992}) 29. axb5 axb5 30. Ra6 Bg2+ 31. Kg4 Rf2 $17 {Kotronias-Chernin/
Munich op/1992}) 18... Bb7 $19 19. Bxc7 Bxf3+ 20. Kxh2 Ng4+ 21. Kg1 Rd2 22. Rf1
Rc8 (22... Rc8 23. Bb6 (23. Bf4 Rc5 {/\ Rh5-h1#}) 23... e5 $19) 0-1

[Event "RUS-ch U20"]
[Site "Ekaterinburg"]
[Date "1996.??.??"]
[Round "5"]
[White "Malakhov, Vladimir"]
[Black "Belozerov, Andrei"]
[Result "1-0"]
[WhiteElo "2535"]
[BlackElo "2430"]
[Annotator "Knaak,R"]
[PlyCount "125"]
[EventDate "1996.??.??"]
[EventType "tourn"]
[EventRounds "11"]
[EventCountry "RUS"]
[EventCategory "8"]
[SourceTitle "CBM 054"]
[Source "ChessBase"]
[SourceDate "1996.10.01"]
[SourceVersion "1"]
[SourceVersionDate "1996.10.01"]
[SourceQuality "1"]

1. e4 e6 2. d4 d5 3. Nd2 c5 4. exd5 Qxd5 5. Ngf3 cxd4 6. Bc4 Qd8 7. O-O a6 8.
Nb3 Qc7 9. Qe2 {Die anderen Züge sind 9.Qxd4 und 9.Bd3.} Bd6 10. Nbxd4 Ne7 11.
Re1 (11. Bg5 Nbc6 12. Nxc6 Nxc6 13. Rad1 O-O 14. c3 Ne7 $6 (14... e5 $6 15. Qd3
Bc5 16. Qe4 $16) (14... h6 $1 15. Bh4 Ne5 16. Nxe5 Bxe5 {+/=/=}) 15. Bd3 Ng6
16. Bxg6 hxg6 17. Qe4 $16 {1-0 Vuckovic, A-Machelett, H/GER-ch Binz 1995 (26)})
(11. Bd2 Bd7 12. Rad1 Nbc6 13. Bc3 Nxd4 14. Bxd4 Ng6 15. g3 O-O 16. Bd3 f6 17.
Qe3 Rae8 $13 {1/2-1/2 Valerga,D-Egger,F/Siembra Villa Ballester op 1996 (50)})
(11. Rd1 {! (Dreev)} Nbc6 12. Bg5 $6 (12. Nxc6 Nxc6 13. Bd3 Bd7 14. b3 O-O-O
15. Bb2 e5 $10 {1/2-1/2 Emms,J-Hansen,LB/Copenhagen BSF 1995 (46)}) 12... Nxd4
13. Nxd4 O-O 14. Bxe6 $2 (14. h3 {= (Dreev)}) 14... fxe6 15. Nxe6 Bxh2+ 16. Kh1
Qe5 $17 {0-1 Zapata,A-Dreev,A/Wijk (C2.1) 1995 (31)}) 11... Nbc6 (11... O-O $2
12. Ng5 $1 h6 13. Nxf7 Kxf7 14. Nxe6 Bxe6 15. Qxe6+ Ke8 16. Bxh6 $1 Rf6 17.
Qg8+ Kd7 18. Rxe7+ $1 $18 {1-0 Slobodjan,R-Kaminski,M/WchJM-U20 Halle 1995 (35)
}) 12. Nxc6 Nxc6 13. b3 (13. Qe4 {Preventing 13...0-0 because of 14.Ng5 (Liss)}
Bd7 (13... b5 $5 14. Bd5 $5 (14. Bb3 {/\} Bb7 15. Bxe6 fxe6 16. Qxe6+ Ne7 17.
Bg5 $36) 14... Bd7 $8 15. c4 $5 $36 {Liss}) 14. b3 Na5 $6 {The beginning of a
dubious idea (Liss)} (14... O-O-O $1 15. Bb2 $13) 15. Be2 $1 Bc6 (15... O-O-O
16. Bb2 {and the Knight is misplaced on a5}) 16. Qh4 Bxf3 17. Bxf3 Be5 18. Rb1
Bf6 19. Qa4+ {1-0 Liss,E-Bykhovsky,Av/ISR-chT 1996 (38) Now white has strong
initiative (Liss)}) 13... Bb4 14. Bd2 Bxd2 15. Qxd2 O-O 16. a4 (16. Qe2 Bd7 17.
Rad1 Rad8 18. Bd3 Qf4 19. Be4 g6 20. c4 Qc7 21. h4 Ne7 22. Qe3 Bc6 23. Bxc6
Nxc6 24. h5 $14 {Faibisovich,V-Nikitin,An/St.Petersburg Chigorin 1995/1/2-1/2 
(61)}) 16... b6 $2 {>< Pa6 Ursache für alle späteren Übel.} (16... e5 17. Qg5
$1 Re8 18. Qh5 $14 {Fritz}) (16... Bd7 $1 17. Rad1 Rad8 {+/=/= Weiß steht ein
wenig besser, aber die schwarze Stellung macht einen soliden Eindruck.}) 17.
Rad1 Rd8 18. Qe2 Bb7 19. Rxd8+ Rxd8 20. Bxa6 Bxa6 21. Qxa6 Nb4 22. Qe2 Qxc2 23.
Qxc2 Nxc2 24. Rc1 $16 f6 25. Kf1 Nb4 26. Ke2 Nd3 27. Rc4 e5 28. g3 Nc5 29. Rb4
Rd6 30. Nd2 Nd7 31. Nc4 Rc6 32. Rb5 Kf7 33. Ke3 Ke6 34. f4 g6 35. fxe5 fxe5 36.
Kd3 Rc5 37. Rb4 Rc6 38. Kd2 Kd5 39. Ne3+ Ke6 40. Rb5 Nc5 41. Rb4 Nd7 42. Rh4
Nf6 43. Rc4 Rxc4 44. Nxc4 Nd7 45. b4 Kd5 46. Kd3 e4+ 47. Kc3 Kc6 48. Ne3 Ne5
49. h4 Nf3 50. Kc4 h5 51. b5+ Kd6 52. Nd5 Nd2+ 53. Kd4 Nf1 54. Nxb6 Nxg3 55.
Nc4+ Kc7 56. a5 Nf5+ 57. Kxe4 Nxh4 58. a6 Nf5 59. b6+ Kc6 60. a7 Kb7 61. Kd5
Ne7+ 62. Kc5 Ka8 63. Nd6 1-0